MARC

Tag First Indicator Second Indicator Subfields
LEADER 00000cam a2200000Ii 4500
001 in00002003992
005 20151031142709.0
008 790612s1979 maua 100 0 eng d
035 |a (OCoLC)ocm05059595 
040 |a OLA  |c OLA  |d OCL  |d OCLCQ  |d TXA  |d UtOrBLW 
043 |a n-us-ma 
049 |a TXAM 
090 |a GC1  |b .W582 no.79-40 
111 2 |a Workshop on Coastal Zone Research in Massachusetts  |d (1978 :  |c Woods Hole Oceanographic Institution, Woods Hole, Mass.) 
245 1 0 |a Proceedings of a Workshop on Coastal Zone Research in Massachusetts :  |b (November 27-28, 1978) /  |c by David G. Aubrey. 
264 1 |a Woods Hole, Mass. :  |b Woods Hole Oceanographic Institution,  |c 1979. 
300 |a 113 pages :  |b illustrations ;  |c 29 cm. 
336 |a text  |b txt  |2 rdacontent 
337 |a unmediated  |b n  |2 rdamedia 
338 |a volume  |b nc  |2 rdacarrier 
490 1 |a WHOI ;  |v 79-40.  |a Technical report 
500 |a Grant 04-8-M01-149. 
504 |a Includes bibliographical references. 
650 0 |a Coastal zone management  |z Massachusetts  |v Congresses. 
650 0 |a Coasts  |x Research  |z Massachusetts  |v Congresses. 
650 0 |a Beach erosion  |z Massachusetts  |v Congresses. 
650 0 |a Sediment transport  |z Massachusetts  |v Congresses. 
610 2 0 |a National Sea Grant Program (U.S.)  |z Woods Hole, Mass. Oceanographic Institution. 
700 1 |a Aubrey, David G. 
830 0 |a Woods Hole Oceanographic Institution (Series) ;  |v no. 79-40. 
830 0 |a Technical report (Woods Hole Oceanographic Institution) 
948 |a cataloged  |b h  |c 2004/11/18  |d c  |e jgreene  |f 12:25:17 pm 
994 |a E0  |b TXA 
999 |a MARS 
999 f f |s f3b11970-873e-3b93-9273-aeee8dbb4f60  |i f48c4c09-33bc-30eb-9d05-933cf0b30501  |t 0 
952 f f |p ric  |a Texas A&M University  |b Rellis Campus  |c Joint Library Facility  |d Remote Storage  |t 0  |e GC1 .W582 no.79-40  |h Library of Congress classification  |i unmediated -- volume  |m A14831611970 
998 f f |a GC1 .W582 no.79-40  |t 0  |l Remote Storage